Mejorando las oportunidades educativas de los niños que entran a la escuela

Сохранить в:
Библиографические подробности
Главные авторы: Filp, Johanna (Автор), Cabello L., Ana María (Автор)
Соавтор: Taller regional sobre la transición del niño, de la familia a la escuela, Santiago, 1990 (Автор)
Формат:
Язык:испанский
Опубликовано: Santiago UNICEF-CIDE 1992
Предметы:
Метки: Добавить метку
Нет меток, Требуется 1-ая метка записи!

MARC

LEADER 00000nam a2200000 a 4500
001 UCW7399
003 CL-VaPUC
008 921202e19920000CL |||||||||||||||||spa|d
082 0 4 |a 372.2  |b FIL  |2 21 
100 0 |a Filp, Johanna  |e author  |9 312542 
700 0 |a Cabello L., Ana María  |e author  |9 312543 
110 2 |a Taller regional sobre la transición del niño, de la familia a la escuela, Santiago, 1990  |e author  |9 312544 
245 1 0 |a Mejorando las oportunidades educativas de los niños que entran a la escuela 
300 |a 308 p 
942 |c BK 
945 |d 19921202 00:00:00 
260 |a Santiago  |b UNICEF-CIDE  |c 1992 
650 0 |a Calidad de la educación   |9 307271 
650 0 |a Sociología de la educación   |9 260380 
650 0 |a Educación preescolar  |9 260381 
583 |a last modification  |c 19921202 00:00:00  |k Rodrigo Vera 
999 |c 220166  |d 220164 
952 |0 0  |1 0  |4 0  |6 372_200000000000000_FIL_1992  |7 0  |8 P  |9 212040  |a BIBEDU  |b BIBEDU  |c BIBEDU_PB  |d 2019-11-15  |i 2802902  |o 372.2 FIL 1992  |p 2802902  |r 2024-01-25  |w 2019-11-15  |y BK  |k EDU 
952 |0 0  |1 0  |4 0  |6 372_200000000000000_FIL_1992  |7 0  |8 P  |9 212041  |a BIBEDU  |b BIBEDU  |c BIBEDU_PB  |d 2019-11-15  |i 3036332  |o 372.2 FIL 1992  |p 3036332  |r 2024-01-25  |w 2019-11-15  |y BK  |k EDU